000 00315nam a22001337a 4500
008 181025b xxu||||| |||| 00| 0 eng d
020 _a9780132301428
041 _aeng
080 _23rd
_a339.138
100 _a60
101 _aMAR
245 _aA Framework for Marketing Management
_cKotler,Ph
942 _2udc
_cBK
999 _c50900
_d50900